000 00822cam a2200253 4500
001 4900
005 20181127174349.0
008 811017s1979 enka b 001 0 eng
010 _a 81169262
015 _aGB***
020 _a0856680826 (GB)
020 _a0856680826 (pbk.)
043 _aa-bt---
100 1 _aAris, Michael.
245 1 0 _aBhutan, the early history of a Himalayan kingdom /
_cMichael Aris.
260 _aWarminster, England :
_bAris & Phillips,
_cc1979.
300 _axxxiv, 344 p. :
_bill. ;
_c21 cm.
440 0 _aAris & Phillips Central Asian studies
500 _aAccompanied by supplement ""Four Important Sources"" on 3 microfiches in pocket.
504 _aIncludes bibliographies and indexes.
590 _aIn English.
651 0 _aBhutan
_xHistory.
999 _c4077
_d4077